00276nam a2200121Ia 45000030006000000080041000060400015000471000020000622450021000822600022001035460012001250050017001370STCL150530s9999 xx 000 0 und d aSTCLcSTCL aCourthope, W.J. aLiberal movement bJohn Murrayc1885 aEnglish20220125170842.0